Loading...
Animal physiology: Adaptation and environment /
| Main Author: | |
|---|---|
| Published: |
.
|
| Edition: | 5th ed. |
| Subjects: |
| LEADER | 00417cam a2200145ua 4500 | ||
|---|---|---|---|
| 082 | |a Zoology | ||
| 100 | 0 | |a Schmidst-Nielsen,, Knut. | |
| 245 | |a Animal physiology: Adaptation and environment / | ||
| 250 | |a 5th ed. | ||
| 260 | |c . | ||
| 300 | |a . | ||
| 650 | 0 | |a Zoology | |
| 942 | |c BK | ||
| 999 | |c 19564 |d 19564 | ||
| 952 | |0 0 |1 0 |4 0 |6 ZOOLOGY |7 0 |9 20448 |a KUCL |b KUCL |d 2014-05-23 |l 0 |o Zoology |p 20410 |r 2017-02-13 |w 2014-05-23 |y Zoology de |f 00000 | ||